Statistics for From Which Countries are These Eurovision Songs?

Click here to take the quiz!

General Stats

  • This quiz has been taken 122 times
  • The average score is 17 of 21

Answer Stats

HintAnswer% Correct
Italy
89%
France
88%
France
88%
Sweden
88%
Ukraine
87%
France
84%
Sweden
81%
Sweden
81%
The United Kingdom
80%
The Netherlands
79%
Ukraine
79%
Australia
77%
The United Kingdom
77%
Italy
76%
Ukraine
75%
Australia
74%
Italy
74%
The United Kingdom
73%
The Netherlands
69%
Australia
67%
The Netherlands
67%

Score Distribution

Percentile by Number Answered

Percent of People with Each Score

Your Score History

You have not taken this quiz